[Event "17th Asian-ch"]
[Site "Xingtai CHN"]
[Date "2019.06.10"]
[Round "4.13"]
[White "Xu Xiangyu"]
[Black "Harshavardhan, G. B."]
[Result "1-0"]
[WhiteElo "2583"]
[BlackElo "2406"]
[EventDate "2019.06.07"]
[PlyCount "63"]

1.Nf3 Nf6 2.c4 e6 3.Nc3 Bb4 4.d4 Bxc3+ 5.bxc3 b6 6.Bg5 Bb7 7.Nd2 d6 8.Bh4 
h6 9.e3 Nbd7 10.f3 Qe7 11.Bd3 e5 12.e4 g5 13.Bf2 Nh5 14.d5 Nf4 15.Bf1 Nc5 
16.Bxc5 dxc5 17.g3 Ng6 18.Bh3 Qd6 19.Nf1 Ne7 20.Ne3 Bc8 21.Bxc8 Rxc8 22.h4
f6 23.hxg5 fxg5 24.Qe2 Kd7 25.Rh5 Rcf8 26.O-O-O Kc8 27.Ng4 Ng8 28.Rdh1 Qg6
29.Nxe5 Qf6 30.f4 gxf4 31.Rf5 Qg7 32.Qg4 1-0

[Event "17th Asian-ch"]
[Site "Xingtai CHN"]
[Date "2019.06.10"]
[Round "4.15"]
[White "Zeng Chongsheng"]
[Black "Krishna, C. R. G."]
[Result "1-0"]
[WhiteElo "2561"]
[BlackElo "2481"]
[EventDate "2019.06.07"]
[PlyCount "51"]

1.e4 e6 2.d4 d5 3.Nc3 Bb4 4.e5 c5 5.a3 Bxc3+ 6.bxc3 Ne7 7.Qg4 cxd4 8.Bd3 
Qa5 9.Ne2 O-O 10.Bg5 Ng6 11.Qg3 dxc3 12.h4 Nd7 13.f4 h5 14.Qe3 Qc5 15.Qxc5
Nxc5 16.Bxg6 fxg6 17.Be7 b6 18.Bxf8 Kxf8 19.Rh3 Ba6 20.Nd4 Bc4 21.Rxc3 Kf7
22.Rb1 Ne4 23.Re3 Rc8 24.a4 Nc5 25.Ra3 Nb7 26.a5 1-0

[Event "17th Asian-ch"]
[Site "Xingtai CHN"]
[Date "2019.06.10"]
[Round "4.16"]
[White "Zou Chen"]
[Black "Sengupta, Deep"]
[Result "1-0"]
[WhiteElo "2415"]
[BlackElo "2559"]
[EventDate "2019.06.07"]
[PlyCount "73"]

1.c4 Nf6 2.Nf3 e6 3.Nc3 c5 4.e3 b6 5.b3 Bb7 6.Bb2 Be7 7.Be2 O-O 8.Qc2 d5 
9.cxd5 Nxd5 10.a3 Nc6 11.h4 h6 12.Ng5 Bxg5 13.hxg5 Qxg5 14.Ne4 Qg6 15.Rh4 
e5 16.O-O-O f5 17.Ng3 Nd4 18.exd4 cxd4 19.Kb1 Rac8 20.Qd3 Nf4 21.Qb5 Nxg2 
22.Rh2 Rc5 23.Bc4+ Kh8 24.Qd7 f4+ 25.Ka1 fxg3 26.fxg3 Be4 27.Rdh1 Rc6 28.
Bd5 Rcf6 29.Bc4 Qxg3 30.Rh3 Qg6 31.R3h2 Bd3 32.Bxd3 Qxd3 33.Rxg2 R6f7 34.
Qd6 Rf1+ 35.Bc1 Rc8 36.Rxh6+ gxh6 37.Qxe5+ 1-0

[Event "17th Asian-ch"]
[Site "Xingtai CHN"]
[Date "2019.06.10"]
[Round "4.17"]
[White "Aryan Chopra"]
[Black "Sankalp, Gupta"]
[Result "1/2-1/2"]
[WhiteElo "2553"]
[BlackElo "2359"]
[EventDate "2019.06.07"]
[PlyCount "51"]

1.e4 e6 2.d4 d5 3.Nc3 Nf6 4.e5 Nfd7 5.f4 c5 6.Nf3 Nc6 7.Be3 cxd4 8.Nxd4 
Qb6 9.Qd2 Qxb2 10.Rb1 Qa3 11.Bb5 Nxd4 12.Bxd4 a6 13.Bxd7+ Bxd7 14.Rb3 Qe7 
15.Rxb7 Qh4+ 16.Qf2 Be7 17.g3 Qh3 18.Kd2 h5 19.Rhb1 Rc8 20.Ra7 h4 21.Rbb7 
hxg3 22.hxg3 Qh1 23.Rb1 Qh2 24.Rbb7 Qh1 25.Rb1 Qh2 26.Rbb7 1/2-1/2

[Event "17th Asian-ch"]
[Site "Xingtai CHN"]
[Date "2019.06.10"]
[Round "4.18"]
[White "Vignesh, N. R."]
[Black "Vaibhav, Suri"]
[Result "1/2-1/2"]
[WhiteElo "2459"]
[BlackElo "2599"]
[EventDate "2019.06.07"]
[PlyCount "75"]

1.e4 c6 2.d4 d5 3.Nd2 dxe4 4.Nxe4 Nf6 5.Nxf6+ exf6 6.c3 Bd6 7.Bd3 O-O 8.
Qc2 Re8+ 9.Ne2 h5 10.O-O h4 11.h3 Nd7 12.Be3 Nf8 13.Rfe1 g5 14.c4 Bc7 15.
c5 Bb8 16.d5 Qxd5 17.Nc3 Qd8 18.Ne4 Be6 19.Rad1 Bd5 20.f4 gxf4 21.Bf2 f5 
22.Nc3 Rxe1+ 23.Bxe1 Be6 24.Bxf5 Qe7 25.Bxe6 Nxe6 26.Qf5 Bc7 27.Qg4+ Kf8 
28.Ne4 Rd8 29.Qh5 Kg8 30.Rxd8+ Bxd8 31.Bc3 Ng7 32.Qh6 f5 33.Nd6 b6 34.Qxf4
bxc5 35.Nxf5 Nxf5 36.Qxf5 Qd6 37.Qg4+ Kf7 38.Qf5+ 1/2-1/2

[Event "17th Asian-ch"]
[Site "Xingtai CHN"]
[Date "2019.06.10"]
[Round "4.19"]
[White "Zhao Yuanhe"]
[Black "Idani, Pouya"]
[Result "1/2-1/2"]
[WhiteElo "2444"]
[BlackElo "2597"]
[EventDate "2019.06.07"]
[PlyCount "72"]

1.Nf3 g6 2.d4 Nf6 3.c4 Bg7 4.Nc3 d5 5.Bf4 O-O 6.Rc1 c6 7.cxd5 Nxd5 8.Be5 
Bh6 9.e3 Be6 10.Be2 Nd7 11.Bg3 N7f6 12.O-O Qa5 13.Nxd5 Bxd5 14.a3 Qb6 15.
Qc2 Ne4 16.Bh4 Rfe8 17.Ne5 Nd6 18.Bd3 Be6 19.Bg3 a5 20.Qe2 Bg7 21.Rc5 a4 
22.Rfc1 Qd8 23.Bf4 Bb3 24.h4 e6 25.h5 Nf5 26.g4 Ne7 27.hxg6 hxg6 28.Qf3 
Rf8 29.Qh3 Nd5 30.Bh6 Ra5 31.Rxa5 Qxa5 32.e4 Ne7 33.Kg2 Bxe5 34.Bxf8 Kxf8 
35.dxe5 Qxe5 36.Kh1 Qxb2 1/2-1/2

[Event "17th Asian-ch"]
[Site "Xingtai CHN"]
[Date "2019.06.10"]
[Round "4.20"]
[White "Nguyen Duc Hoa"]
[Black "Li Di"]
[Result "1-0"]
[WhiteElo "2436"]
[BlackElo "2535"]
[EventDate "2019.06.07"]
[PlyCount "120"]

1.d4 d5 2.c4 e6 3.Nf3 a6 4.g3 dxc4 5.Bg2 b5 6.Ne5 c6 7.O-O Bb7 8.b3 cxb3 
9.axb3 Nf6 10.Bg5 h6 11.Bxf6 gxf6 12.Nf3 Nd7 13.Nc3 Qb6 14.e3 Bb4 15.Qc2 
Rc8 16.Na2 Be7 17.b4 a5 18.bxa5 Qxa5 19.Nc3 Qb6 20.Nd2 O-O 21.Rfb1 Ra8 22.
Na4 Qd8 23.Ne4 Bc8 24.Nb2 Rxa1 25.Rxa1 f5 26.Nc3 Qb6 27.Rb1 Bb7 28.Nc4 Qc7
29.Nd2 Rc8 30.Qd1 b4 31.Na2 Qa5 32.Nxb4 Bxb4 33.Nc4 Qb5 34.Nd6 Bxd6 35.
Rxb5 cxb5 36.Bxb7 Rc7 37.Ba6 b4 38.g4 f4 39.exf4 Bxf4 40.Kg2 Nf6 41.Qb3 
Bd6 42.Bc4 Kg7 43.h3 Nd7 44.Qd3 Nf8 45.Ba2 Ng6 46.Qa6 Be7 47.Bc4 Rd7 48.
Qb6 Rd8 49.Kf3 Rc8 50.Qa6 Rd8 51.Ke4 Bf6 52.d5 exd5+ 53.Bxd5 Ne7 54.Bb3 
Ng6 55.Qb7 Re8+ 56.Kf3 Ne5+ 57.Kg3 Rd8 58.Qxb4 Rd3+ 59.Kg2 Rd7 60.f4 Ng6 
1-0

[Event "17th Asian-ch"]
[Site "Xingtai CHN"]
[Date "2019.06.10"]
[Round "4.21"]
[White "Wan Yunguo"]
[Black "Garcia, Jan Emmanuel"]
[Result "1-0"]
[WhiteElo "2531"]
[BlackElo "2413"]
[EventDate "2019.06.07"]
[PlyCount "85"]

1.e4 e5 2.Nf3 Nc6 3.Bc4 Bc5 4.c3 Nf6 5.d4 exd4 6.e5 d5 7.Bb5 Ne4 8.cxd4 
Bb6 9.Nc3 O-O 10.Be3 f5 11.exf6 Nxc3 12.bxc3 Qxf6 13.O-O Bg4 14.Be2 Rae8 
15.a4 h6 16.h3 Bh5 17.Re1 Kh8 18.Qc2 Bg6 19.Qa2 a6 20.Nh2 Qd6 21.Bf3 Rd8 
22.Ng4 Bh5 23.Bc1 Na5 24.Re5 Bxg4 25.hxg4 Rxf3 26.gxf3 Nc4 27.Re1 Rf8 28.
Ba3 Nxa3 29.Qxa3 c5 30.Kg2 Bc7 31.Rh1 Rxf3 32.Kxf3 Qf4+ 33.Kg2 Qxg4+ 34.
Kf1 Qf3 35.Rg1 Qd3+ 36.Ke1 Qe4+ 37.Kd1 Qf3+ 38.Kc1 Bf4+ 39.Kb1 Qd3+ 40.Ka2
Qe2+ 41.Qb2 Qc4+ 42.Kb1 cxd4 43.cxd4 1-0

[Event "17th Asian-ch"]
[Site "Xingtai CHN"]
[Date "2019.06.10"]
[Round "4.22"]
[White "Akash, Ganesan"]
[Black "Xu Yi"]
[Result "1/2-1/2"]
[WhiteElo "2404"]
[BlackElo "2526"]
[EventDate "2019.06.07"]
[PlyCount "81"]

1.e4 c6 2.d4 d5 3.e5 Bf5 4.c4 e6 5.Nc3 Ne7 6.a3 Nd7 7.h4 h6 8.cxd5 Nxd5 9.
g4 Bh7 10.Bg2 Be7 11.h5 O-O 12.Nge2 c5 13.Nxd5 exd5 14.O-O cxd4 15.Qxd4 
Nc5 16.Qd1 Nd3 17.Nf4 Nxc1 18.Rxc1 Bg5 19.Qd4 Be4 20.Bxe4 dxe4 21.Qxe4 Qd7
22.f3 Qd2 23.Nd5 Rad8 24.Rcd1 Qxb2 25.a4 Rfe8 26.Rfe1 Rc8 27.Re2 Qa3 28.
Kg2 Qc5 29.f4 Bd8 30.Ne3 Be7 31.Rd7 Rc7 32.Rxc7 Qxc7 33.e6 Qc6 34.exf7+ 
Kxf7 35.Nd5 Bf6 36.Qg6+ Kf8 37.Rxe8+ Qxe8 38.Nxf6 Qe2+ 39.Kg3 Qe3+ 40.Kg2 
Qe2+ 41.Kg3 1/2-1/2

[Event "17th Asian-ch"]
[Site "Xingtai CHN"]
[Date "2019.06.10"]
[Round "4.23"]
[White "Xu Minghui"]
[Black "Chanda, Sandipan"]
[Result "0-1"]
[WhiteElo "2368"]
[BlackElo "2511"]
[EventDate "2019.06.07"]
[PlyCount "52"]

1.d4 Nf6 2.c4 g6 3.Nc3 d5 4.cxd5 Nxd5 5.e4 Nxc3 6.bxc3 Bg7 7.Be3 O-O 8.Qd2
c5 9.d5 Qa5 10.Rc1 f5 11.Nf3 Qa4 12.c4 fxe4 13.Ng5 Na6 14.Nxe4 Nb4 15.Bxc5
Nxa2 16.Rc2 Bh6 17.Be3 Bxe3 18.fxe3 Nb4 19.Rc3 Bf5 20.Nf2 Na2 21.e4 Nxc3 
22.Qxc3 Bd7 23.Bd3 Rf4 24.O-O Qa2 25.c5 Raf8 26.Qd4 Qd2 0-1

[Event "17th Asian-ch"]
[Site "Xingtai CHN"]
[Date "2019.06.10"]
[Round "4.24"]
[White "Sadhwani, Raunak"]
[Black "Huang Renjie"]
[Result "1-0"]
[WhiteElo "2482"]
[BlackElo "2327"]
[EventDate "2019.06.07"]
[PlyCount "99"]

1.e4 c5 2.Nf3 d6 3.d4 cxd4 4.Qxd4 Nc6 5.Bb5 Bd7 6.Qd3 g6 7.O-O Bg7 8.c4 
Nf6 9.Nc3 O-O 10.h3 a6 11.Bxc6 Bxc6 12.Nd4 Nd7 13.Be3 Rc8 14.Qd2 Nc5 15.f3
Qd7 16.Bh6 Bxh6 17.Qxh6 b5 18.cxb5 axb5 19.a3 Na4 20.Nxa4 bxa4 21.Rad1 
Rfd8 22.Rf2 Qa7 23.Qe3 Qb7 24.Rfd2 Be8 25.Ne2 Rd7 26.Nc3 Rdc7 27.Kh1 Qb3 
28.f4 Rxc3 29.bxc3 Rxc3 30.Qa7 Qe6 31.Qa8 Rc8 32.Qd5 Qxd5 33.Rxd5 Rc3 34.
R5d3 Rc4 35.e5 Rxf4 36.exd6 exd6 37.Rxd6 Re4 38.R1d4 Re3 39.Rd3 Re4 40.Kg1
Kg7 41.Kf2 Bb5 42.Re3 Rc4 43.Rd2 Rc1 44.Re1 Rc5 45.g4 h5 46.Re3 hxg4 47.
hxg4 Bc6 48.Rd4 Bb5 49.Rb4 Ba6 50.Re7 1-0

[Event "17th Asian-ch"]
[Site "Xingtai CHN"]
[Date "2019.06.10"]
[Round "4.25"]
[White "Dai Changren"]
[Black "Zhang Ziji"]
[Result "1/2-1/2"]
[WhiteElo "2480"]
[BlackElo "2408"]
[EventDate "2019.06.07"]
[PlyCount "47"]

1.e4 e5 2.Nf3 Nc6 3.Bb5 a6 4.Ba4 Nge7 5.c3 g6 6.d4 exd4 7.cxd4 b5 8.Bc2 d5
9.exd5 Nxd5 10.O-O Be6 11.Nc3 Nxc3 12.bxc3 Bg7 13.Ba3 Ne7 14.Re1 Bf6 15.
Be4 Rc8 16.d5 Bd7 17.Nd4 O-O 18.Qf3 Bxd4 19.cxd4 Re8 20.d6 cxd6 21.Bxd6 
Be6 22.Be5 Nd5 23.Rac1 Rc4 24.Rxc4 1/2-1/2

[Event "17th Asian-ch"]
[Site "Xingtai CHN"]
[Date "2019.06.10"]
[Round "4.26"]
[White "Lin Yi"]
[Black "Bilguun, Sumiya"]
[Result "1-0"]
[WhiteElo "2396"]
[BlackElo "2478"]
[EventDate "2019.06.07"]
[PlyCount "47"]

1.d4 d5 2.c4 e6 3.Nf3 c6 4.e3 Nf6 5.Bd3 Nbd7 6.b3 Bb4+ 7.Nbd2 e5 8.dxe5 
Bc3 9.Rb1 Nxe5 10.Nxe5 Bxe5 11.O-O O-O 12.h3 Bd6 13.Bb2 h6 14.Qf3 Nh7 15.
Bxh7+ Kxh7 16.cxd5 cxd5 17.e4 Be6 18.Rbd1 f5 19.exd5 Bxd5 20.Qc3 Qc7 21.
Nc4 Bxc4 22.Rxd6 Rf7 23.Qxc4 Qxc4 24.bxc4 1-0

[Event "17th Asian-ch"]
[Site "Xingtai CHN"]
[Date "2019.06.10"]
[Round "4.27"]
[White "Gomez, John Paul"]
[Black "Kojima, Shinya"]
[Result "1/2-1/2"]
[WhiteElo "2467"]
[BlackElo "2400"]
[EventDate "2019.06.07"]
[PlyCount "41"]

1.e4 e5 2.Nf3 Nc6 3.Bb5 a6 4.Ba4 Nf6 5.d3 d6 6.c3 g6 7.O-O Bg7 8.Nbd2 O-O 
9.Re1 Re8 10.h3 h6 11.a3 b5 12.Bc2 Bb7 13.b4 a5 14.Bb2 Nd7 15.Bb3 Nb6 16.
h4 Bc8 17.h5 Be6 18.Bc2 gxh5 19.Nf1 Qf6 20.g3 Ne7 21.Nh4 1/2-1/2

[Event "17th Asian-ch"]
[Site "Xingtai CHN"]
[Date "2019.06.10"]
[Round "4.28"]
[White "Bersamina, Paulo"]
[Black "Wang Shixu"]
[Result "1-0"]
[WhiteElo "2446"]
[BlackElo "2392"]
[EventDate "2019.06.07"]
[PlyCount "79"]

1.Nf3 d5 2.g3 Nf6 3.Bg2 Bf5 4.c4 e6 5.O-O c6 6.cxd5 cxd5 7.Qb3 Qb6 8.Qxb6 
axb6 9.Nc3 Nc6 10.d3 Bc5 11.Nh4 Bg6 12.h3 Ke7 13.Bg5 Rhc8 14.e4 dxe4 15.
dxe4 h6 16.Nxg6+ fxg6 17.Bd2 Nd7 18.a3 Nd4 19.Rad1 Nb3 20.e5 Rf8 21.Ne4 
Nxe5 22.Bc3 Nf3+ 23.Bxf3 Rxf3 24.Bxg7 h5 25.Kg2 Rf7 26.Be5 Ra4 27.Nd6 Rf8 
28.Nxb7 Rf5 29.Nxc5 bxc5 30.f4 Ra6 31.Rf3 c4 32.g4 Rf7 33.gxh5 gxh5 34.Rg3
Rc6 35.Rg8 Rf8 36.Rg7+ Rf7 37.Bd6+ Kf6 38.Rg5 h4 39.Kf3 Rh7 40.Be5+ 1-0

[Event "17th Asian-ch"]
[Site "Xingtai CHN"]
[Date "2019.06.10"]
[Round "4.29"]
[White "Harshit, Raja"]
[Black "Chu Wei Chao"]
[Result "1-0"]
[WhiteElo "2437"]
[BlackElo "2374"]
[EventDate "2019.06.07"]
[PlyCount "67"]

1.e4 c6 2.Nc3 d5 3.Nf3 Bg4 4.h3 Bxf3 5.Qxf3 e6 6.Be2 Nf6 7.O-O Nbd7 8.d4 
dxe4 9.Nxe4 Nxe4 10.Qxe4 Nf6 11.Qd3 Bd6 12.Qb3 Qc7 13.Bg5 h6 14.Bxf6 gxf6 
15.Rfd1 Rg8 16.Qa4 Qb6 17.c4 Bc7 18.b4 Bf4 19.Bf3 Kf8 20.c5 Qc7 21.b5 cxb5
22.Qxb5 Rb8 23.Kh1 b6 24.c6 Kg7 25.g3 Bd6 26.d5 Rbd8 27.dxe6 fxe6 28.Rd3 
Bc5 29.Rad1 Kh8 30.Qb2 e5 31.Rd7 Rxd7 32.Rxd7 Qc8 33.Qc2 Rg7 34.Qd2 1-0

[Event "17th Asian-ch"]
[Site "Xingtai CHN"]
[Date "2019.06.10"]
[Round "4.30"]
[White "Laylo, Darwin"]
[Black "Hasan Parag, Mehdi"]
[Result "1-0"]
[WhiteElo "2433"]
[BlackElo "2204"]
[EventDate "2019.06.07"]
[PlyCount "62"]

1.d4 Nf6 2.Nf3 e6 3.c4 d5 4.Bg5 Bb4+ 5.Nbd2 dxc4 6.e3 b5 7.a4 c6 8.Be2 O-O
9.O-O Nbd7 10.b3 c3 11.Nb1 Bb7 12.Qc2 Rc8 13.Rd1 bxa4 14.Rxa4 a5 15.e4 h6 
16.Bh4 Qb6 17.Ne5 c5 18.Nxd7 Nxd7 19.d5 exd5 20.exd5 Rce8 21.Ra2 g5 22.Bg3
Qf6 23.Bb5 Bc8 24.h3 Re7 25.Qc1 Rfe8 26.Rc2 Qb6 27.Bc4 Nf6 28.d6 Rd7 29.
Nxc3 Kg7 30.Qa1 Bb7 31.Nb5 Qc6 1-0

[Event "17th Asian-ch"]
[Site "Xingtai CHN"]
[Date "2019.06.10"]
[Round "4.31"]
[White "Quizon, Daniel"]
[Black "Battulga, Namkhai"]
[Result "1/2-1/2"]
[WhiteElo "2351"]
[BlackElo "2425"]
[EventDate "2019.06.07"]
[PlyCount "92"]

1.e4 c5 2.Nc3 d6 3.Nge2 a6 4.a4 g6 5.g3 Bg7 6.Bg2 Nc6 7.O-O Rb8 8.d3 e6 9.
Be3 Nd4 10.Qd2 Ne7 11.Nd1 O-O 12.Nc1 Re8 13.c3 Ndc6 14.Bh6 Bh8 15.Ne3 d5 
16.exd5 exd5 17.Bf4 Ra8 18.Nb3 b6 19.a5 Be6 20.axb6 Qxb6 21.Qc2 Red8 22.
Nd2 Ne5 23.Rfe1 N7c6 24.Bg5 f6 25.Bf4 Rac8 26.Nf3 Nxf3+ 27.Bxf3 g5 28.Nf1 
Bf5 29.Ne3 Be6 30.Nf1 Bf7 31.Bc1 Ne5 32.Be2 Bg6 33.Qd1 d4 34.c4 Re8 35.Bd2
Qb7 36.Ba5 Bxd3 37.Bh5 Bg6 38.Bxg6 hxg6 39.Nd2 g4 40.b3 f5 41.b4 cxb4 42.
Qb3 Bf6 43.Qxb4 Qc6 44.Qb6 Kf7 45.Rab1 Re7 46.Qxc6 Rxc6 1/2-1/2

[Event "17th Asian-ch"]
[Site "Xingtai CHN"]
[Date "2019.06.10"]
[Round "4.32"]
[White "Chen Qi"]
[Black "Srijit, Paul"]
[Result "1-0"]
[WhiteElo "2453"]
[BlackElo "2361"]
[EventDate "2019.06.07"]
[PlyCount "72"]

1.e4 c5 2.Nf3 Nc6 3.Bb5 Nf6 4.Nc3 g6 5.e5 Ng4 6.Qe2 Bg7 7.Bxc6 dxc6 8.d3 
O-O 9.h3 Nh6 10.Ne4 b6 11.Bf4 Qd5 12.g4 f6 13.c4 Qe6 14.O-O-O Nf7 15.Kb1 
fxe5 16.Bg3 Ba6 17.Rhe1 Rad8 18.Nfg5 Nxg5 19.Nxg5 Qf6 20.Ne4 Qf3 21.Qc2 h6
22.Re3 Qg2 23.Qc1 Qxh3 24.f3 Bc8 25.Rg1 Bxg4 26.Nf2 Qh5 27.fxg4 Qg5 28.Ne4
Qxg4 29.Bxe5 Qf5 30.Bxg7 Kxg7 31.Rgg3 Rf7 32.a3 Rdf8 33.Qc3+ Kh7 34.Ng5+ 
Qxg5 35.Rxg5 Rf1+ 36.Ka2 hxg5 1-0

[Event "17th Asian-ch"]
[Site "Xingtai CHN"]
[Date "2019.06.10"]
[Round "4.33"]
[White "Torre, Eugenio"]
[Black "Peng Hongchi"]
[Result "1-0"]
[WhiteElo "2451"]
[BlackElo "2370"]
[EventDate "2019.06.07"]
[PlyCount "59"]

1.d4 Nf6 2.Nf3 g6 3.Nc3 d5 4.Bf4 Bg7 5.e3 O-O 6.Be2 b6 7.Ne5 Bb7 8.h4 Nbd7
9.h5 Nxe5 10.Bxe5 Ne4 11.Nxe4 Bxe5 12.hxg6 hxg6 13.Ng5 Bf6 14.Nh7 Re8 15.
Bb5 c6 16.Nxf6+ exf6 17.Bd3 f5 18.Qf3 c5 19.O-O-O Re6 20.c3 Rc8 21.Qf4 Qf6
22.Rh3 c4 23.Bc2 Kf8 24.g4 fxg4 25.Qxg4 b5 26.Rf3 Qe7 27.Bxg6 Rf6 28.Rh1 
Rcc6 29.Rh8+ Kg7 30.Bxf7+ 1-0

[Event "17th Asian-ch"]
[Site "Xingtai CHN"]
[Date "2019.06.10"]
[Round "4.34"]
[White "Amartuvshin, Ganzorig"]
[Black "Song Yuxin"]
[Result "1-0"]
[WhiteElo "2394"]
[BlackElo "2308"]
[EventDate "2019.06.07"]
[PlyCount "123"]

1.d4 Nf6 2.c4 e6 3.Nc3 Bb4 4.Nf3 b6 5.e3 Bb7 6.Bd3 O-O 7.O-O c5 8.a3 Bxc3 
9.bxc3 d5 10.cxd5 exd5 11.Re1 c4 12.Bc2 Ne4 13.Bxe4 dxe4 14.Nd2 Bd5 15.a4 
f5 16.Qe2 Qc7 17.a5 b5 18.f3 Nd7 19.fxe4 fxe4 20.Ba3 Rf7 21.a6 Qc6 22.Bb4 
Rb8 23.Rf1 Rxf1+ 24.Qxf1 Qh6 25.Qf4 Qxf4 26.exf4 Rb6 27.Nf1 Nb8 28.Ne3 Bf7
29.Ra5 Nxa6 30.Bc5 Nxc5 31.dxc5 Rb7 32.c6 Rc7 33.Rxb5 g6 34.Rc5 a5 35.Rxa5
Rxc6 36.Ng4 Rd6 37.Ra8+ Kg7 38.Ra7 Kf8 39.Ne5 Bg8 40.Kf1 Rd2 41.Nd7+ Kg7 
42.Nc5+ Kh8 43.Nxe4 Rd8 44.g3 Rd1+ 45.Kf2 Rc1 46.h4 Rc2+ 47.Ke3 Bd5 48.Nc5
Rg2 49.Kd4 Rd2+ 50.Ke5 Bg8 51.Rd7 Re2+ 52.Ne4 Re3 53.h5 Re2 54.g4 Be6 55.
Re7 Bg8 56.hxg6 hxg6 57.Kf6 Re3 58.Re5 Rf3 59.Kxg6 Bh7+ 60.Kg5 Bxe4 61.
Rxe4 Rxc3 62.Kg6 1-0

[Event "17th Asian-ch"]
[Site "Xingtai CHN"]
[Date "2019.06.10"]
[Round "4.35"]
[White "Zhao Chenxi"]
[Black "Winkelman, Albert"]
[Result "1-0"]
[WhiteElo "2383"]
[BlackElo "2176"]
[EventDate "2019.06.07"]
[PlyCount "73"]

1.e4 c5 2.Nf3 Nc6 3.Bb5 g6 4.Bxc6 bxc6 5.O-O Bg7 6.c3 Nf6 7.Re1 O-O 8.h3 
Qc7 9.d4 cxd4 10.cxd4 d5 11.e5 Ne4 12.Nbd2 Bf5 13.Nh4 Be6 14.Nf1 f6 15.f3 
Ng5 16.exf6 exf6 17.Bxg5 fxg5 18.Nxg6 hxg6 19.Rxe6 Rf6 20.Rxf6 Bxf6 21.Qd3
Kg7 22.Rd1 Qb6 23.b3 Re8 24.Nh2 Qb5 25.Qxb5 cxb5 26.Kf2 Rc8 27.Rd2 Bd8 28.
Ng4 Ba5 29.Re2 Bb6 30.Re7+ Kg8 31.Rd7 Bxd4+ 32.Ke2 Rc5 33.Kd2 a5 34.Kd3 
Bg7 35.Ne3 a4 36.Nxd5 a3 37.Nc7 1-0

[Event "17th Asian-ch"]
[Site "Xingtai CHN"]
[Date "2019.06.10"]
[Round "4.36"]
[White "Chaulagain, Purushottam"]
[Black "Chan Kim Yew"]
[Result "0-1"]
[WhiteElo "2020"]
[BlackElo "2293"]
[EventDate "2019.06.07"]
[PlyCount "108"]

1.d4 Nf6 2.Bf4 d5 3.Nf3 c5 4.e3 e6 5.Nbd2 Nc6 6.c3 Bd6 7.Bg3 O-O 8.Bd3 b6 
9.Ne5 Bb7 10.O-O Ne7 11.Qc2 Rc8 12.Qb1 Qc7 13.f4 c4 14.Bc2 b5 15.Bh4 Ng6 
16.Bxf6 gxf6 17.Ng4 f5 18.Ne5 f6 19.Nxg6 hxg6 20.Rf3 b4 21.Rg3 Kf7 22.Nf3 
Rh8 23.h4 Bc6 24.cxb4 Bxb4 25.Qd1 a5 26.Rh3 Qd7 27.Nh2 Rh7 28.h5 Rch8 29.
g4 Ke7 30.Rg3 gxh5 31.g5 h4 32.gxf6+ Kxf6 33.Rg5 Qf7 34.Nf3 Be8 35.Ba4 
Bxa4 36.Qxa4 Qe8 37.Qc2 Bd6 38.Kh1 Rh5 39.Rag1 Rxg5 40.Rxg5 h3 41.Kh2 Rg8 
42.Qf2 Rxg5 43.Nxg5 Qh5 44.Nxh3 a4 45.Qc2 a3 46.b3 cxb3 47.Qxb3 Qe2+ 48.
Kg3 Qe1+ 49.Nf2 Kg6 50.Kf3 Be7 51.Qb6 Kf7 52.Qa6 Bh4 53.Qe2 Qg1 54.Qf1 
Bxf2 0-1

[Event "17th Asian-ch"]
[Site "Xingtai CHN"]
[Date "2019.06.11"]
[Round "5.2"]
[White "Sethuraman, Panayapan"]
[Black "Lu Shanglei"]
[Result "1/2-1/2"]
[WhiteElo "2613"]
[BlackElo "2624"]
[EventDate "2019.06.07"]
[PlyCount "53"]

1.e4 c5 2.Nf3 d6 3.d4 cxd4 4.Nxd4 Nf6 5.Nc3 a6 6.f3 Qb6 7.g4 h6 8.Nb3 e6 
9.Qe2 Qc7 10.Be3 b5 11.a3 Nbd7 12.h4 Nb6 13.O-O-O Nc4 14.Bd4 e5 15.Nd5 
Nxd5 16.exd5 Be7 17.Bf2 Bd7 18.Nd2 Rc8 19.Nxc4 bxc4 20.Be1 f5 21.Bc3 fxg4 
22.fxg4 Qb6 23.Rh2 O-O 24.g5 hxg5 25.hxg5 Bxg5+ 26.Kb1 Rf6 27.Bh3 1/2-1/2

[Event "17th Asian-ch"]
[Site "Xingtai CHN"]
[Date "2019.06.11"]
[Round "5.3"]
[White "Adhiban, Baskaran"]
[Black "Karthik, Venkataraman"]
[Result "1-0"]
[WhiteElo "2676"]
[BlackElo "2499"]
[EventDate "2019.06.07"]
[PlyCount "77"]

1.e4 g6 2.d4 Bg7 3.Nc3 d6 4.f4 Nf6 5.Nf3 O-O 6.a3 Nc6 7.Be2 Bg4 8.d5 Nb8 
9.h3 Bc8 10.Be3 e6 11.dxe6 Bxe6 12.O-O Nc6 13.f5 Bc8 14.Qd2 Nd7 15.Bg5 f6 
16.Bc4+ Kh8 17.Be3 Nde5 18.Nxe5 Nxe5 19.Bb3 Bd7 20.fxg6 Nxg6 21.Rae1 Ne5 
22.Nd5 Be6 23.Nf4 Bxb3 24.cxb3 Qe8 25.Nd5 Qf7 26.Bh6 Qg6 27.Bxg7+ Qxg7 28.
Re3 Rae8 29.Qf2 c6 30.Rg3 Qh6 31.Ne3 Rf7 32.Nf5 Qf8 33.Qxa7 Rd8 34.Qb6 d5 
35.Nh6 Rg7 36.Rxg7 Kxg7 37.Nf5+ Kh8 38.exd5 cxd5 39.Nd4 1-0

[Event "17th Asian-ch"]
[Site "Xingtai CHN"]
[Date "2019.06.11"]
[Round "5.4"]
[White "Zhumabaev, Rinat"]
[Black "Zou Chen"]
[Result "1-0"]
[WhiteElo "2625"]
[BlackElo "2415"]
[EventDate "2019.06.07"]
[PlyCount "83"]

1.e4 e5 2.Nf3 Nf6 3.d4 Nxe4 4.dxe5 d5 5.Nbd2 Qd7 6.Be2 g6 7.Nxe4 dxe4 8.
Ng5 Qxd1+ 9.Bxd1 Bg7 10.Nxe4 Bxe5 11.O-O O-O 12.Re1 Nc6 13.c3 Bf5 14.Nc5 
Rae8 15.Be3 Nd8 16.Ba4 c6 17.Rad1 Re7 18.Nd3 Bxd3 19.Bc5 Bxh2+ 20.Kxh2 
Rxe1 21.Rxe1 Ne6 22.Bxf8 Kxf8 23.Rd1 Bc4 24.Bb3 Bxb3 25.axb3 Ke7 26.g4 Ng7
27.Re1+ Kd7 28.Kg3 h5 29.gxh5 Nxh5+ 30.Kg4 f6 31.f4 Ng7 32.Rh1 Ke6 33.Rh8 
Nf5 34.Re8+ Kd7 35.Rb8 Nd6 36.Rg8 g5 37.fxg5 fxg5 38.Kxg5 Kc7 39.Kf4 b5 
40.Ke5 Nb7 41.b4 Kb6 42.Ke6 1-0

[Event "17th Asian-ch"]
[Site "Xingtai CHN"]
[Date "2019.06.11"]
[Round "5.5"]
[White "Nihal, Sarin"]
[Black "Zeng Chongsheng"]
[Result "1/2-1/2"]
[WhiteElo "2606"]
[BlackElo "2561"]
[EventDate "2019.06.07"]
[PlyCount "167"]

1.Nf3 Nf6 2.c4 g6 3.Nc3 d5 4.cxd5 Nxd5 5.Qb3 Nb6 6.d4 Bg7 7.e4 O-O 8.Be3 
Nc6 9.Rd1 Bg4 10.d5 Ne5 11.Be2 Nxf3+ 12.gxf3 Bh5 13.O-O Qc8 14.Nb5 Qh3 15.
Bd4 c6 16.Bxg7 Kxg7 17.dxc6 bxc6 18.Nd4 Rac8 19.Rfe1 e5 20.Bf1 Qh4 21.Ne2 
Rfd8 22.Ng3 Qf6 23.Be2 c5 24.Rxd8 Rxd8 25.Qc3 Rc8 26.Rd1 c4 27.Kg2 Rc6 28.
Qa3 Rc7 29.Kh1 Qe7 30.Qxe7 Rxe7 31.Kg2 Rc7 32.Rc1 Rb7 33.Bxc4 Nxc4 34.Rxc4
Rxb2 35.Ra4 Rb7 36.h4 f6 37.Ra6 Rf7 38.Nxh5+ gxh5 39.Kg3 Rc7 40.f4 Kf7 41.
f3 exf4+ 42.Kxf4 Re7 43.Rc6 Kg6 44.a4 Re5 45.Ra6 Re7 46.a5 Rc7 47.e5 Rc4+ 
48.Ke3 Kf5 49.exf6 Rc7 50.f4 Rd7 51.Rc6 Rb7 52.a6 Rd7 53.Kf3 Rd3+ 54.Ke2 
Rd7 55.Ke3 Rf7 56.Kf3 Rd7 57.Ke3 Rf7 58.Rc5+ Kxf6 59.Rxh5 Rc7 60.Kd4 Kg6 
61.Rg5+ Kf6 62.Rc5 Rd7+ 63.Kc4 Rd1 64.Rh5 Kg6 65.Rg5+ Kf6 66.Rh5 Kg6 67.
Rd5 Rf1 68.Kc5 Rxf4 69.h5+ Kh6 70.Kc6 Rf7 71.Rd7 Rf5 72.Rxa7 Rf6+ 73.Kb5 
Rf5+ 74.Kb4 Rf4+ 75.Kc3 Rf3+ 76.Kd4 Rf6 77.Ke5 Rb6 78.Kd5 Rf6 79.Kc5 Rf5+ 
80.Kd6 Rf6+ 81.Kc5 Rf5+ 82.Kc4 Rf4+ 83.Kd5 Rf6 84.Ke5 1/2-1/2

[Event "17th Asian-ch"]
[Site "Xingtai CHN"]
[Date "2019.06.11"]
[Round "5.6"]
[White "Lalith Babu, Musunuri Rohit"]
[Black "Narayanan, Sunilduth Lyna"]
[Result "1-0"]
[WhiteElo "2571"]
[BlackElo "2603"]
[EventDate "2019.06.07"]
[PlyCount "73"]

1.c4 e5 2.Nc3 Nf6 3.Nf3 Nc6 4.g3 d5 5.cxd5 Nxd5 6.Bg2 Bc5 7.O-O O-O 8.d3 
Bb6 9.Bd2 Nxc3 10.Bxc3 Re8 11.Nd2 Bg4 12.Nc4 Nd4 13.Re1 c6 14.h3 Bf5 15.g4
Be6 16.e3 Nb5 17.Nxe5 Nxc3 18.bxc3 h5 19.d4 hxg4 20.Nxg4 Ba5 21.Qd3 Qh4 
22.e4 Bxg4 23.hxg4 Qxg4 24.e5 Re6 25.Re3 Rd8 26.Rae1 Bc7 27.Rh3 Qg6 28.Qf3
b5 29.Re4 a5 30.Kh2 b4 31.Reh4 f5 32.Rh8+ Kf7 33.R8h5 bxc3 34.Rg3 Rxd4 35.
Rxf5+ Kg8 36.Rf8+ Kh7 37.Rh3+ 1-0

[Event "17th Asian-ch"]
[Site "Xingtai CHN"]
[Date "2019.06.11"]
[Round "5.7"]
[White "Praggnanandhaa, Rameshbabu"]
[Black "Aravindh, Chithambaram"]
[Result "1/2-1/2"]
[WhiteElo "2537"]
[BlackElo "2598"]
[EventDate "2019.06.07"]
[PlyCount "55"]

1.Nf3 Nf6 2.g3 g6 3.b3 b6 4.Bb2 Bg7 5.Bg2 Bb7 6.O-O O-O 7.c4 c5 8.Nc3 d5 
9.Nxd5 Nxd5 10.Bxg7 Kxg7 11.cxd5 Qxd5 12.d4 Na6 13.dxc5 Nxc5 14.Qc1 Rfd8 
15.Rd1 Qxd1+ 16.Qxd1 Rxd1+ 17.Rxd1 Rc8 18.Ne5 Bxg2 19.Kxg2 f6 20.Nc4 f5 
21.Kf3 Kf6 22.g4 Ke6 23.gxf5+ gxf5 24.Ne3 Kf6 25.Nd5+ Kf7 26.Ne3 Kf6 27.
Nd5+ Kf7 28.Ne3 1/2-1/2

[Event "17th Asian-ch"]
[Site "Xingtai CHN"]
[Date "2019.06.11"]
[Round "5.8"]
[White "Liu Yan"]
[Black "Xu Xiangyu"]
[Result "1/2-1/2"]
[WhiteElo "2504"]
[BlackElo "2583"]
[EventDate "2019.06.07"]
[PlyCount "42"]

1.Nf3 Nf6 2.c4 c6 3.d4 d5 4.Nc3 e6 5.e3 Nbd7 6.Qc2 Bd6 7.Bd3 O-O 8.O-O e5 
9.cxd5 cxd5 10.Nb5 Bb8 11.Nxe5 Nxe5 12.dxe5 Bxe5 13.Bd2 a6 14.Nd4 Ne4 15.
Bxe4 dxe4 16.Qxe4 Re8 17.Qd3 Bd7 18.Rfe1 Bb5 19.Qf5 Bxd4 20.exd4 Qxd4 21.
Bc3 Qd6 1/2-1/2